[Event "British Chess Championships 2023: First Rapidplay Open"]
[Site "The Venue, De Montfort University, 20 Western Boulevard, Leicester, LE2 7BU"]
[Date "2023.07.21"]
[Round "4"]
[Board "18"]
[White "Goss, Alex"]
[Black "Lawrence-Cade, Jack"]
[Result "1-0"]
[WhiteElo "1781"]
[BlackElo "1649"]
[PlyCount "0"]
[EventDate "2023.07.21"]
[EventRounds "7"]
[EventCountry "ENG"]

1. e4 d5 2. exd5 Nf6 3. d4 Bg4 4. Be2 Bxe2 5. Nxe2 Qxd5 6. O-O Nc6 7. Nbc3 Qh5 8.
Ng3 Qg6 9. Nb5 O-O-O 10. Be3 e5 11. c3 a6 12. a4 h5 13. h4 Qg4 14. Qb3 Nd5 15. Rfe1
Nxe3 16. Rxe3 axb5 17. axb5 exd4 18. bxc6 bxc6 19. Ra8+ Kd7 20. Qxf7+ Kd6 21. Rxd8+
 1-0

[Event "British Chess Championships 2023: First Rapidplay Open"]
[Site "The Venue, De Montfort University, 20 Western Boulevard, Leicester, LE2 7BU"]
[Date "2023.07.21"]
[Round "4"]
[Board "19"]
[White "Lee, Alexandre Km"]
[Black "Banerji, Kumar"]
[Result "1-0"]
[WhiteElo "1534"]
[BlackElo "1773"]
[PlyCount "0"]
[EventDate "2023.07.21"]
[EventRounds "7"]
[EventCountry "ENG"]

1. e4 c5 2. Nf3 d6 3. d4 cxd4 4. Nxd4 Nf6 5. Nc3 a6 6. Be2 e5 7. Nb3 Be6 8. Be3 Be7
9. g4 d5 10. exd5 Nxd5 11. Nxd5 Qxd5 12. Qxd5 Bxd5 13. O-O Nd7 14. Rad1 Bc6 15. Na5
Be4 16. c3 Nc5 17. Nc4 f6 18. Nd6+ Bxd6 19. Rxd6 Na4 20. Rd2 Rd8 21. Rxd8+ Kxd8 22.
Rd1+ Ke7 23. Bc1 Rd8 24. Rxd8 Kxd8 25. f3 Bd5 26. a3 Kd7 27. Kf2 Bf7 28. Bd3 h5 29.
h3 Kd6 30. Ke3 g5 31. Ke2 h4 32. Kd1 Bd5 33. Ke2 Nc5 34. Bc2 e4 35. fxe4 Bxe4 36.
Bxe4 Nxe4 37. Be3 Ke5 38. Kd3 b5 39. b3 f5 40. gxf5 Kxf5 41. c4 bxc4+ 42. bxc4 Nf6
43. c5 g4 44. hxg4+ Kxg4 45. c6 Nd5 46. Ke4 h3 47. Bg1 Nc7 48. Bh2 Nb5 49. c7 Na7
50. Kd5 Kf3 51. Kc5 Kg2 52. Be5 h2 53. Bxh2 Kxh2 54. Kb6 Nc8+ 55. Kxa6 Kg3 56. Kb7
Nd6+ 57. Kb8 Kf4 58. c8=Q Nxc8 59. Kxc8 Ke5 60. Kb7 Kd4 61. a4 Kc5 62. a5 Kb5 63.
a6  1-0

[Event "British Chess Championships 2023: First Rapidplay Open"]
[Site "The Venue, De Montfort University, 20 Western Boulevard, Leicester, LE2 7BU"]
[Date "2023.07.21"]
[Round "4"]
[Board "20"]
[White "Dhemrait, Jagdeep"]
[Black "Al Dakl Alla, Muhammad"]
[Result "1-0"]
[WhiteElo "1718"]
[BlackElo "1410"]
[PlyCount "0"]
[EventDate "2023.07.21"]
[EventRounds "7"]
[EventCountry "ENG"]

1. e4 c6 2. d4 d5 3. e5 Bf5 4. h4 h5 5. Nf3 e6 6. Bd3 Bg4 7. c3 Be7 8. Be3 Bxh4 9.
Qb3 Bxf3 10. gxf3 Be7 11. Qxb7 Nd7 12. Qxc6 Rc8 13. Qa4 Qb6 14. Bb5 Rc7 15. Nd2 g6
16. Rc1 Rb7 17. c4 Nh6 18. Nb3 Nf5 19. Bc6 Rc7 20. cxd5 exd5 21. Bxd7+ Rxd7 22. Rc8+
Bd8 23. Nc5 O-O 24. Nxd7 Qa5+ 25. Qxa5 Bxa5+ 26. Rc3 Rd8 27. Nf6+ Kg7 28. Kd1 Bxc3
29. bxc3 Rc8 30. Nxd5 Rc6 31. Kc2 Ra6 32. Nb4 Ra4 33. Kb3 Ra5 34. Bg5 Rb5 35. a4
Rb7 36. d5 a5 37. d6 axb4 38. cxb4 Nd4+ 39. Kc4 Nxf3 40. Bf6+ Kf8 41. a5 Ke8 42.
a6 Ra7 43. b5 Nd2+ 44. Kc5 Ne4+ 45. Kb6 Rd7 46. Rc1 Nxf6 47. Rc8+ Rd8 48. Rxd8+ Kxd8
49. exf6 h4 50. a7 h3 51. a8=Q+  1-0

[Event "British Chess Championships 2023: First Rapidplay Open"]
[Site "The Venue, De Montfort University, 20 Western Boulevard, Leicester, LE2 7BU"]
[Date "2023.07.21"]
[Round "4"]
[Board "21"]
[White "Goatcher, Matthew W"]
[Black "Godwin, Mark"]
[Result "1-0"]
[WhiteElo "1518"]
[BlackElo "1839"]
[PlyCount "0"]
[EventDate "2023.07.21"]
[EventRounds "7"]
[EventCountry "ENG"]

1. c4 e5 2. g3 c6 3. e4 d5 4. exd5 cxd5 5. cxd5 Qxd5 6. Nf3 Nc6 7. Nc3 Qa5 8. d3
Bg4 9. Bg2 Nf6 10. O-O Bb4 11. h3 Bh5 12. Bd2 Rd8 13. Qc2 Bxf3 14. Bxf3 Nd4 15. Qd1
Nxf3+ 16. Qxf3 O-O 17. a3 Bd6 18. Ne4 Nxe4 19. Bxa5 b6 20. Bxb6 Nd2 21. Qb7 Rb8 22.
Qxa7 Nxf1 23. Kxf1 Rbc8 24. Be3 Bb8 25. Qa4 h6 26. Rc1 Rxc1+ 27. Bxc1 Rc8 28. Be3
g5 29. b4 Bd6 30. Qb3  1-0

[Event "British Chess Championships 2023: First Rapidplay Open"]
[Site "The Venue, De Montfort University, 20 Western Boulevard, Leicester, LE2 7BU"]
[Date "2023.07.21"]
[Round "4"]
[Board "22"]
[White "Moreland, Finlay W"]
[Black "Kairat, Alexander"]
[Result "0-1"]
[WhiteElo "1836"]
[BlackElo "1745"]
[PlyCount "0"]
[EventDate "2023.07.21"]
[EventRounds "7"]
[EventCountry "ENG"]

1. e4 c5 2. Nf3 Nc6 3. d4 cxd4 4. Nxd4 e5 5. Nf3 Nf6 6. Nc3 d6 7. Bc4 Be7 8. O-O
O-O 9. a4 Bg4 10. h3 Bh5 11. g4 Bg6 12. Nh4 Nd4 13. Nxg6 hxg6 14. Be3 Ne6 15. Qd2
a6 16. a5 Rc8 17. Bb3 Nc5 18. f3 Qc7 19. Rfd1 Rfe8 20. g5 Nxb3 21. cxb3 Nh5 22. Nd5
Qc2 23. Nxe7+ Rxe7 24. Qxd6 Qe2 25. Qxe7 Qxe3+ 26. Kh2 Qf2+  0-1

[Event "British Chess Championships 2023: First Rapidplay Open"]
[Site "The Venue, De Montfort University, 20 Western Boulevard, Leicester, LE2 7BU"]
[Date "2023.07.21"]
[Round "4"]
[Board "23"]
[White "Sasikumar, Srivathsan"]
[Black "Pradhan, Ayan"]
[Result "1/2-1/2"]
[WhiteElo "1787"]
[BlackElo "1521"]
[PlyCount "0"]
[EventDate "2023.07.21"]
[EventRounds "7"]
[EventCountry "ENG"]

1. e4 e6 2. d4 d5 3. Be3 dxe4 4. Nd2 Nf6 5. c3 Be7 6. Qc2 Nc6 7. Nxe4 Nd5 8. Bd3
e5 9. Ne2 exd4 10. Nxd4 Nxe3 11. fxe3 Ne5 12. O-O-O Bg4 13. Bb5+ Nd7 14. Nf3 c6 15.
Bc4 Qc7 16. Rhf1 f6 17. h3 Bxf3 18. gxf3 O-O-O 19. Kb1 Kb8 20. f4 Nc5 21. Ng3 g6
22. Ne2 Rxd1+ 23. Rxd1 Rd8 24. Nd4 Qd7 25. b4 Qxh3 26. bxc5 Qxe3 27. Qb2 Ka8 28.
Qd2 Qxd2 29. Rxd2 Bxc5 30. Kc2 Bxd4 31. Rxd4 Rxd4 32. cxd4 g5 33. fxg5 fxg5 34. Be2
Kb8 35. Kd3 Kc7 36. Kc4 Kd6 37. Bg4 b5+ 38. Kd3 c5 39. a3 c4+ 40. Kc3 a5 41. Bf5
h6 42. Bg4 Kd5 43. Bf3+ Kd6 44. d5 g4 45. Bxg4 Kxd5 46. Bf3+ Kc5 47. Be2 b4+ 48.
axb4+ axb4+ 49. Kc2 Kd4 50. Kd2 b3 51. Bh5 c3+ 52. Kc1 Kc4 53. Bg6 Kb4 54. Kb1 h5
55. Bxh5 Ka3 56. Bg6 Kb4 57. Bf7 Ka3 58. Bg6 b2 59. Bf7 Kb4 60. Kc2 Kc5 61. Ba2 Kd4
62. Bb1 Kc4 63. Ba2+ Kb4 64. Bb1 Kc4 65. Ba2+ Kd4 66. Bb1  1/2-1/2

[Event "British Chess Championships 2023: First Rapidplay Open"]
[Site "The Venue, De Montfort University, 20 Western Boulevard, Leicester, LE2 7BU"]
[Date "2023.07.21"]
[Round "4"]
[Board "24"]
[White "Venn, Hiren"]
[Black "Hayes, Solomon"]
[Result "0-1"]
[WhiteElo "1795"]
[BlackElo "1781"]
[PlyCount "0"]
[EventDate "2023.07.21"]
[EventRounds "7"]
[EventCountry "ENG"]

1. d4 Nf6 2. c4 e6 3. Nf3 d5 4. g3 Be7 5. Bg2 O-O 6. O-O dxc4 7. Ne5 c5 8. Be3 Nd5
9. Nc3 Nxe3 10. fxe3 f6 11. Nxc4 Nc6 12. d5 exd5 13. Bxd5+ Kh8 14. a3 Bh3 15. Rf4
Ne5 16. Bxb7 Qb8 17. Qd5 Rd8 18. Qe4 Ng6 19. Rf2 f5 20. Qh1 Bg5 21. Bxa8 Qxa8 22.
Qxa8 Rxa8 23. Rd1 h6 24. Rd7 f4 25. Rc7 fxe3 26. Rff7 Bf6 27. Ne4 Rd8 28. Rcd7 Bxd7
29. Nxf6 gxf6 30. Kg2 Be6 31. Rxf6 Bxc4 32. Rxg6 Kh7 33. Rc6 Bd5+  0-1

[Event "British Chess Championships 2023: First Rapidplay Open"]
[Site "The Venue, De Montfort University, 20 Western Boulevard, Leicester, LE2 7BU"]
[Date "2023.07.21"]
[Round "5"]
[Board "1"]
[White "Ledger, Andrew J"]
[Black "Han, Yichen"]
[Result "1/2-1/2"]
[WhiteElo "2378"]
[BlackElo "2530"]
[PlyCount "0"]
[EventDate "2023.07.21"]
[EventRounds "7"]
[EventCountry "ENG"]

1. d4 d5 2. c4 e6 3. Nf3 a6 4. Nbd2 Nf6 5. e3 c5 6. dxc5 dxc4 7. Qa4+ Bd7 8. Qxc4
Bb5 9. Qd4 Bxf1 10. Qxd8+ Kxd8 11. Kxf1 Bxc5 12. Nb3 Bb6 13. Ne5 Ke7 14. Bd2 Rc8
15. Ke2 Nc6 16. Nxc6+ Rxc6 17. Bb4+ Ke8 18. Rac1 Rac8 19. Rxc6 Rxc6 20. Rc1  1/2-1/2

[Event "British Chess Championships 2023: First Rapidplay Open"]
[Site "The Venue, De Montfort University, 20 Western Boulevard, Leicester, LE2 7BU"]
[Date "2023.07.21"]
[Round "5"]
[Board "2"]
[White "Dong, Bao Nghia"]
[Black "Subramanian, Anusha"]
[Result "1-0"]
[WhiteElo "2351"]
[BlackElo "1808"]
[PlyCount "0"]
[EventDate "2023.07.21"]
[EventRounds "7"]
[EventCountry "ENG"]

1. e4 e6 2. d4 d5 3. Nc3 dxe4 4. Nxe4 Nd7 5. Bd3 Ngf6 6. Ng3 c5 7. Nf3 cxd4 8. Nxd4
Bc5 9. Nb3 Be7 10. O-O O-O 11. Qe2 Qc7 12. Bd2 b6 13. Bc3 Bb7 14. a4 Nd5 15. Bd2
Bd6 16. Nd4 Nf4 17. Bxf4 Bxf4 18. Be4 Bxg3 19. hxg3 Nf6 20. Bxb7 Qxb7 21. c4 Rfd8
22. Rfd1 a6 23. b4 Rac8 24. b5 axb5 25. axb5 Ra8 26. Nc6 Rxa1 27. Rxa1 Ra8 28. Qd1
h6 29. Ra4 Rxa4 30. Qxa4 Qd7 31. f3 Qd6 32. Kh2 Nh5 33. Qa8+ Kh7 34. Qb8 Qc5 35.
Qe5 Qxe5 36. Nxe5 Nf6 37. Nxf7 Nd7 38. f4 Kg8 39. Ne5 Nc5 40. g4 Kf8 41. Kg3 Ke7
42. Kf3 Kf6 43. Ke3 g5 44. g3 Ke7 45. Nd3 Nd7 46. Kd4 Kd6 47. Nf2 e5+ 48. fxe5+ Nxe5
49. Ne4+ Ke6 50. c5 Nxg4 51. cxb6 Kd7 52. Nc5+ Kd6 53. Na6 Nf6 54. b7 Nd7 55. b8=Q+
Nxb8 56. Nxb8 h5 57. Nc6 h4 58. gxh4 gxh4 59. Ke3 Kc5 60. Nd4 h3 61. Kf2 Kxd4 62.
b6 h2 63. Kg2  1-0

[Event "British Chess Championships 2023: First Rapidplay Open"]
[Site "The Venue, De Montfort University, 20 Western Boulevard, Leicester, LE2 7BU"]
[Date "2023.07.21"]
[Round "5"]
[Board "3"]
[White "Kueh, Audrey"]
[Black "Poulton, James R"]
[Result "0-1"]
[WhiteElo "2093"]
[BlackElo "2304"]
[PlyCount "0"]
[EventDate "2023.07.21"]
[EventRounds "7"]
[EventCountry "ENG"]

1. e4 e6 2. d4 d5 3. Nd2 Nf6 4. e5 Nfd7 5. Bd3 c5 6. c3 Nc6 7. Ne2 cxd4 8. cxd4 Qb6
9. Nf3 f6 10. exf6 Nxf6 11. O-O Bd6 12. Re1 O-O 13. Bf4 Bxf4 14. Nxf4 Ne4 15. Bxe4
Rxf4 16. Ng5 dxe4 17. Rxe4 Rf8 18. Qh5 h6 19. Nf3 Bd7 20. Rg4 Rf6 21. Re1 Qa5 22.
Re5 Nxe5 23. dxe5 Rxf3 24. gxf3 Rf8 25. Qxh6 Qxe5 26. Qh3 Bc6 27. Rg3 Qf5 28. Qh6
Qb1+ 29. Kg2 Bxf3+ 30. Kh3 Qh7 31. Qxh7+ Kxh7 32. Rg5 Bd5  0-1

[Event "British Chess Championships 2023: First Rapidplay Open"]
[Site "The Venue, De Montfort University, 20 Western Boulevard, Leicester, LE2 7BU"]
[Date "2023.07.21"]
[Round "5"]
[Board "4"]
[White "Fellowes, Billy"]
[Black "Raju, Sooraj Menothuparambil"]
[Result "0-1"]
[WhiteElo "1941"]
[BlackElo "2237"]
[PlyCount "0"]
[EventDate "2023.07.21"]
[EventRounds "7"]
[EventCountry "ENG"]

1. e4 Nf6 2. e5 Nd5 3. c4 Nb6 4. d4 d6 5. exd6 cxd6 6. Nc3 g6 7. Nf3 Bg7 8. Be3 O-O
9. h3 Nc6 10. Qd2 d5 11. c5 Nc4 12. Bxc4 dxc4 13. Bh6 Nxd4 14. O-O-O Nxf3 15. Qe3
Bxh6 16. Qxh6 Nd4 17. Qe3 e5 18. Qxe5 Nc6 19. Qf4 Qa5 20. Ne4 c3 21. Nf6+ Kh8 22.
g4 cxb2+ 23. Kxb2 Be6 24. Nd5 Bxd5 25. Qf6+ Kg8 26. Rxd5 Rfe8 27. Rd7 Re2+ 28. Kc1
Qxc5+  0-1

[Event "British Chess Championships 2023: First Rapidplay Open"]
[Site "The Venue, De Montfort University, 20 Western Boulevard, Leicester, LE2 7BU"]
[Date "2023.07.21"]
[Round "5"]
[Board "5"]
[White "Matlak, Oleksandr"]
[Black "Pilley, Jack"]
[Result "1-0"]
[WhiteElo "2155"]
[BlackElo "2037"]
[PlyCount "0"]
[EventDate "2023.07.21"]
[EventRounds "7"]
[EventCountry "ENG"]

1. c4 Nf6 2. Nf3 e6 3. g3 d5 4. Bg2 Be7 5. O-O O-O 6. b3 c5 7. e3 Nc6 8. Bb2 d4 9.
exd4 cxd4 10. d3 e5 11. Re1 Bd6 12. Ba3 Re8 13. Bxd6 Qxd6 14. a3 a5 15. Nbd2 Bf5
16. Qc2 h6 17. Nh4 Bh7 18. c5 Qd7 19. Nc4 Qc7 20. Nd6 Re7 21. Qc4 Ne8 22. Nhf5 Re6
23. b4 a4 24. Rac1 Rf6 25. Nxe8 Rxe8 26. Nd6 Rxd6 27. cxd6 Qxd6 28. b5 Nd8 29. Qc5
 1-0

[Event "British Chess Championships 2023: First Rapidplay Open"]
[Site "The Venue, De Montfort University, 20 Western Boulevard, Leicester, LE2 7BU"]
[Date "2023.07.21"]
[Round "5"]
[Board "6"]
[White "Agrawal, Shivam"]
[Black "Badacsonyi, Stanley"]
[Result "0-1"]
[WhiteElo "1998"]
[BlackElo "2187"]
[PlyCount "0"]
[EventDate "2023.07.21"]
[EventRounds "7"]
[EventCountry "ENG"]

1. d4 Nf6 2. c4 c5 3. d5 b5 4. cxb5 a6 5. bxa6 g6 6. Nc3 Bg7 7. e4 O-O 8. Nf3 Qa5
9. Bd2 Bxa6 10. a4 Qb4 11. Qc2 d6 12. Ra3 Bxf1 13. Kxf1 Na6 14. Ne1 Qc4+ 15. Qd3
Qxd3+ 16. Nxd3 Nb4 17. Ke2 Ng4 18. h3 Nxd3 19. hxg4 Nxb2 20. Rb1 Nc4 21. Ra2 f5 22.
gxf5 gxf5 23. Rb7 Rf7 24. Kd3 Nxd2 25. Kxd2 Bd4 26. f3 Rg7 27. Kd3 Be5 28. a5 c4+
29. Kxc4 Rc8+ 30. Kb5 Bxc3 31. a6 Rc5+ 32. Ka4 Ra5+ 33. Kb3 Rxa2 34. Kxa2 Rxg2+ 35.
Kb3 Bd4 36. Kc4 Bc5 37. a7 Bxa7 38. Rxa7 fxe4 39. fxe4 Kf7 40. Kd4 Rg3 41. Ra1 h5
42. Rf1+ Kg7 43. Rf5 Kh6 44. e5 Rg4+ 45. Ke3 Kg6 46. Rf8 dxe5 47. Rg8+ Kf7 48. Rh8
h4 49. Kf3 Rd4 50. Rh5 e6 51. Rxe5 Rxd5 52. Re4 Rh5 53. Kg4 Rh8 54. Kh3 Kf6 55. Ra4
e5 56. Ra1 Ke6 57. Re1 Rh7 58. Re2 Kd5 59. Rd2+ Ke4 60. Rd1 Kf3 61. Rf1+ Ke2 62.
Ra1 e4 63. Ra2+ Kf3 64. Kh2 h3 65. Kg1 h2+ 66. Kh1 e3 67. Rf2+ Ke4 68. Rf8 Re7 69.
Rf1 e2 70. Re1 Ke3 71. Kg2 Rg7+ 72. Kxh2 Kf2 73. Ra1 Rh7  0-1

[Event "British Chess Championships 2023: First Rapidplay Open"]
[Site "The Venue, De Montfort University, 20 Western Boulevard, Leicester, LE2 7BU"]
[Date "2023.07.21"]
[Round "5"]
[Board "7"]
[White "Dayal, Samar"]
[Black "Dougherty, Michael"]
[Result "0-1"]
[WhiteElo "1676"]
[BlackElo "2167"]
[PlyCount "0"]
[EventDate "2023.07.21"]
[EventRounds "7"]
[EventCountry "ENG"]

1. e4 e6 2. d4 d5 3. exd5 exd5 4. c4 Nf6 5. Nc3 Be7 6. Nf3 O-O 7. Bd3 c6 8. O-O dxc4
9. Bxc4 Nbd7 10. h3 Nb6 11. Bb3 a5 12. Re1 Bf5 13. Nh4 Bc8 14. Nf3 Nbd5 15. Bc2 Bb4
16. Qd3 Bd6 17. Nxd5 cxd5 18. Bg5 g6 19. Bh6 Bf5 20. Qd1 Bxc2 21. Qxc2 Re8 22. Rxe8+
Qxe8 23. Re1 Qc8 24. Qb3 a4 25. Qb5 Qc6 26. Qxc6 bxc6 27. Rc1 Ra6 28. Kf1 Rb6 29.
Rc2 Nd7 30. Be3 f6 31. Ne1 Kf7 32. Nd3 h5 33. Ke2 g5 34. g4 Kg6 35. f3 f5 36. f4
fxg4 37. hxg4 hxg4 38. fxg5 Nf8 39. b4 axb3 40. axb3 Ne6 41. Kf2 Nxg5 42. Bxg5 Kxg5
43. Rc3 Kf5 44. Nc5 Bxc5 45. dxc5 Rb4 46. Ke3 d4+ 47. Kd3 dxc3 48. Kxc3 Rxb3+ 49.
Kxb3 g3 50. Kb4 g2 51. Ka5 g1=Q 52. Kb6 Qg2 53. Ka5 Qb2 54. Ka4 Qb5+ 55. Ka3 Ke4
56. Ka2 Kd3 57. Ka3 Kc2 58. Ka2 Qa4#  0-1

[Event "British Chess Championships 2023: First Rapidplay Open"]
[Site "The Venue, De Montfort University, 20 Western Boulevard, Leicester, LE2 7BU"]
[Date "2023.07.21"]
[Round "5"]
[Board "8"]
[White "Honarvarmahalati, Hooman"]
[Black "Talbot, Mark A"]
[Result "1-0"]
[WhiteElo "1862"]
[BlackElo "2058"]
[PlyCount "0"]
[EventDate "2023.07.21"]
[EventRounds "7"]
[EventCountry "ENG"]

1. e4 e5 2. Nf3 Nf6 3. Nxe5 d6 4. Nd3 Nxe4 5. Qe2 Qe7 6. Nf4 c6 7. d4 d5 8. Be3 Bf5
9. Nd2 Nd7 10. c4 Ndf6 11. cxd5 Nxd5 12. Nxd5 cxd5 13. Qb5+ Qd7 14. Nf3 Bd6 15. Rc1
O-O 16. Qxd7 Bxd7 17. Bd3 Rac8 18. O-O Rfe8 19. a3 h6 20. Bb1 Bg4 21. Ne5 Be6 22.
Rfd1 a6 23. Nd3 Bb8 24. Nc5 Nxc5 25. dxc5 Be5 26. Bd4 Bxd4 27. Rxd4 b6 28. b4 bxc5
29. bxc5 Rc7 30. Ra4 Rc6 31. Bd3 Rec8 32. Rxa6 Rxc5 33. Rxc5 Rxc5 34. Ra8+ Rc8 35.
Rxc8+ Bxc8 36. f3 Kf8 37. Kf2 Ke7 38. Ke3 Kd6 39. Kd4 Bd7 40. Bc2 Bb5 41. Bb3 Bc6
42. a4 f6 43. a5 Bb7 44. Bc2 Ba6 45. Bd3 Bb7 46. a6 Ba8 47. h4 Kc6 48. Bf5 Kb6 49.
Be6 Bc6 50. Bxd5 Bb5 51. Bb7 Bf1 52. g3 g6 53. Kd5 Bh3 54. Kd6 g5 55. hxg5 fxg5 56.
g4 Bf1  1-0

[Event "British Chess Championships 2023: First Rapidplay Open"]
[Site "The Venue, De Montfort University, 20 Western Boulevard, Leicester, LE2 7BU"]
[Date "2023.07.21"]
[Round "5"]
[Board "9"]
[White "Tozer, Philip Aa"]
[Black "Khan, Mohammed"]
[Result "1-0"]
[WhiteElo "2036"]
[BlackElo "1806"]
[PlyCount "0"]
[EventDate "2023.07.21"]
[EventRounds "7"]
[EventCountry "ENG"]

1. c4 Nf6 2. g3 g6 3. Bg2 Bg7 4. Nc3 c6 5. e4 d6 6. Nge2 e5 7. O-O Be6 8. d3 O-O
9. h3 Qd7 10. Kh2 d5 11. exd5 cxd5 12. f4 Nc6 13. fxe5 Nxe5 14. Bg5 Ne8 15. Nxd5
Bxd5 16. Bxd5 Nc7 17. Nc3 h6 18. Bf6 Bxf6 19. Rxf6 Kg7 20. Rf2 Rad8 21. Qf1 Ne6 22.
Re1 Nc6 23. Qg2 Nc5 24. Qf1 Nd4 25. b4 Nce6 26. Qg2 b6 27. Qe4 Kh7 28. Qe5 Rde8 29.
Ne4 f5 30. Nf6+ Rxf6 31. Qxf6 Qg7 32. Qxg7+ Kxg7 33. Bxe6 Rxe6 34. Rxe6 Nxe6 35.
Re2 Kf7 36. Rxe6 Kxe6 37. d4 g5 38. a4  1-0

[Event "British Chess Championships 2023: First Rapidplay Open"]
[Site "The Venue, De Montfort University, 20 Western Boulevard, Leicester, LE2 7BU"]
[Date "2023.07.21"]
[Round "5"]
[Board "10"]
[White "Wells, Tony D"]
[Black "Ortiz Sanchez, Luis"]
[Result "1/2-1/2"]
[WhiteElo "2026"]
[BlackElo "2018"]
[PlyCount "0"]
[EventDate "2023.07.21"]
[EventRounds "7"]
[EventCountry "ENG"]

1. e4 c5 2. Nf3 Nc6 3. Bb5 g6 4. O-O Bg7 5. Re1 Nf6 6. c3 O-O 7. d4 cxd4 8. cxd4
d5 9. e5 Ne4 10. Bxc6 bxc6 11. Nfd2 c5 12. Nxe4 dxe4 13. dxc5 Bxe5 14. Nc3 Qc7 15.
Nd5 Qxc5 16. Bh6 Bg7 17. Rc1 Qd6 18. Rc6 Qe5 19. Bf4 Qxb2 20. Nxe7+ Kh8 21. Nxc8
Raxc8 22. Rxc8 Rxc8 23. Qd7 Qc3 24. Rd1 Qc4 25. Qxa7 Kg8 26. h3 Re8 27. Qd7 Ra8 28.
a4 h6 29. Rc1 Qxa4 30. Rc8+ Kh7 31. Qd8 Rxc8 32. Qxc8 Qd1+ 33. Kh2 Qd5 34. Qe8 Qf5
35. Be3 Be5+ 36. g3 Kg7 37. Qe7 Bf6 38. Qb7 h5 39. h4 Be5 40. Qe7 Bf6 41. Qd6 Qe5
42. Qc6 Qe7 43. Qd5 Be5 44. Kg2 Ba1 45. Qa8 Qe5 46. Qc6 Bd4 47. Bf4 Qf6 48. Qa8 Qe6
49. Qb7 e3 50. fxe3 Bxe3 51. Qb2+ Kh7 52. Bxe3 Qxe3 53. Qf6 Qe4+ 54. Kh2 Qe2+ 55.
Kg1 Qe6 56. Qf4 Kg7 57. Qd4+ Qf6 58. Qe4 Qe6 59. Qd4+ f6 60. Qa7+ Qf7 61. Qd4 Qc7
62. Kg2 Qe7 63. Qd5 Qe2+ 64. Kg1 Qe5 65. Qd7+ Kh6 66. Qd2+ g5 67. Kh2 Kg7 68. Qd7+
Kg6 69. hxg5 Qxg5 70. Qd8 Kh7 71. Qd7+ Qg7 72. Qf5+ Kh6 73. Qe6 Kg6 74. Qe8+ Qf7
75. Qe4+ f5 76. Qc6+ Qf6 77. Qe8+ Kh6 78. Kh3 h4 79. Qe3+ Kg6  1/2-1/2

[Event "British Chess Championships 2023: First Rapidplay Open"]
[Site "The Venue, De Montfort University, 20 Western Boulevard, Leicester, LE2 7BU"]
[Date "2023.07.21"]
[Round "5"]
[Board "11"]
[White "Ledger, Stephen C"]
[Black "Goss, Alex"]
[Result "1/2-1/2"]
[WhiteElo "2097"]
[BlackElo "1781"]
[PlyCount "0"]
[EventDate "2023.07.21"]
[EventRounds "7"]
[EventCountry "ENG"]

1. d4 d5 2. Bf4 Nf6 3. e3 c5 4. c3 Nc6 5. Nd2 Qb6 6. Qb3 c4 7. Qc2 g6 8. Ngf3 Bf5
9. Qc1 Bg7 10. h3 h5 11. Be2 Qd8 12. O-O b5 13. Ne5 Nxe5 14. Bxe5 O-O 15. Re1 Ne4
16. Bxg7 Kxg7 17. g4 hxg4 18. hxg4 Nxd2 19. Qxd2 Be6 20. Kg2 Qd7 21. f3 f5 22. g5
Rh8 23. Rh1 Raf8 24. f4 Bf7 25. Bf3 e6 26. Rae1 Qc8 27. Bd1 Rxh1 28. Rxh1 Rh8 29.
Qe1 Rxh1 30. Qxh1 Qh8 31. Qxh8+ Kxh8 32. Kf2 Kg8 33. Ke2 Kf8 34. Kd2 Ke7 35. b3 Be8
36. Kc2 Kd6 37. Kb2 Kc7 38. Ka3 Kb6 39. bxc4 dxc4 40. Kb2 Bc6 41. a3 a6 42. Kc2 Be4+
43. Kd2 Bc6 44. Bc2  1/2-1/2

[Event "British Chess Championships 2023: First Rapidplay Open"]
[Site "The Venue, De Montfort University, 20 Western Boulevard, Leicester, LE2 7BU"]
[Date "2023.07.21"]
[Round "5"]
[Board "12"]
[White "Masani, Matthew M"]
[Black "Brewer, Callum D"]
[Result "0-1"]
[WhiteElo "1862"]
[BlackElo "2071"]
[PlyCount "0"]
[EventDate "2023.07.21"]
[EventRounds "7"]
[EventCountry "ENG"]

1. d4 Nf6 2. Bf4 d5 3. e3 c5 4. Nf3 Nc6 5. Nbd2 e6 6. c3 Bd6 7. Bg3 O-O 8. Bd3 b6
9. e4 dxe4 10. Nxe4 Nxe4 11. Bxe4 Bb7 12. dxc5 Bxc5 13. Qa4 Qc8 14. Bxh7+ Kxh7 15.
Qh4+ Kg8 16. Ng5 Rd8 17. O-O Rd5 18. Qh7+ Kf8 19. Qh8+ Ke7 20. Qxg7 Qf8 21. Qxf8+
Kxf8 22. Ne4 Be7 23. c4 Rd4 24. Rfe1 Rad8 25. Nc3 Rxc4 26. Re3 Bc5 27. Rf3 Nd4 28.
Rf4 Rxc3 29. bxc3 Ne2+ 30. Kf1 Nxf4 31. Bxf4 Rd3 32. Be5 Ke7 33. h4 f6 34. Bd4 Bxd4
35. cxd4 Rxd4 36. g3 Bf3 37. Ke1 b5 38. Rc1 b4 39. Kf1 a5 40. Kg1 a4 41. Kh2 Rd1
42. Rc7+ Kd6  0-1

[Event "British Chess Championships 2023: First Rapidplay Open"]
[Site "The Venue, De Montfort University, 20 Western Boulevard, Leicester, LE2 7BU"]
[Date "2023.07.21"]
[Round "5"]
[Board "13"]
[White "Buanne, Luca"]
[Black "Patel, Rishi"]
[Result "1-0"]
[WhiteElo "2000"]
[BlackElo "1733"]
[PlyCount "0"]
[EventDate "2023.07.21"]
[EventRounds "7"]
[EventCountry "ENG"]

1. e4 e5 2. Nf3 Nc6 3. Bb5 Nf6 4. O-O a6 5. Bxc6 dxc6 6. Nxe5 Nxe4 7. Re1 Qd4 8.
Qf3 f5 9. Nxc6 bxc6 10. d3 Be7 11. dxe4 O-O 12. exf5 Rxf5 13. Qb3+ Rf7 14. Be3 Qd6
15. Nc3 Be6 16. Qb7 Raf8 17. Rad1 Bd5 18. Nxd5 cxd5 19. Qxd5 Qg6 20. Qd3 Qc6 21.
c3 Bc5 22. Qc4 Bxe3 23. Qxc6 Bxf2+ 24. Kh1 Bxe1 25. Qc4 Bh4 26. Rd7 Bd8 27. Qd5 Bg5
28. Rxc7 g6 29. g3 Bf6 30. Qe6 a5 31. b4 axb4 32. cxb4 Kg7 33. Rxf7+ Rxf7 34. a4
Re7 35. Qd5 Re5 36. Qd7+ Re7 37. Qd6 Kf7 38. Qd5+ Ke8 39. b5 Re1+ 40. Kg2 Re2+ 41.
Kf3 Rb2 42. Qe6+ Be7 43. b6 Rxh2 44. b7 Rb2 45. Qc8+  1-0